Riziko podnikania bakalárska práca

Na minha lista:
Detalhes bibliográficos
Autor principal: Strempeková, Anna
Autor Corporativo: Fakulta podnikového manažmentu EU. Katedra podnikovohospodárska
Outros Autores: Rybárová, Daniela, 1967-
Formato: Livro
Idioma:eslovaco
Publicado em: Bratislava 2010
Tags: Adicionar Tag
Sem tags, seja o primeiro a adicionar uma tag!

MARC

LEADER 00000nbm a2200000 4500
001 0133320
005 20161109111519.1
041 0 |a slo 
044 |a SK 
245 1 0 |a Riziko podnikania  |b bakalárska práca  |c Anna Strempeková ; školiteľ: Daniela Rybárová 
264 1 |a Bratislava  |c 2010 
300 |a 46 s. 
100 1 |a Strempeková, Anna 
700 1 |a Rybárová, Daniela, 1967- 
710 2 |a Fakulta podnikového manažmentu EU. Katedra podnikovohospodárska